Intelligence Quiz #2 - Statistics

General Stats
  • This quiz has been taken 310 times
  • The average score is 10 of 15
Answer Stats
Question Answer % Correct
Level 1 Anatomy: Which of the five senses do we use to observe color? Sight
100%
Level 2 Anatomy: What material are ears made of? Cartilage
93%
Level 1 Math: 13 ÷ 2 6.5
92%
Level 2 Math: 6² +6³ 252
89%
Level 2 History: Which country first discovered Brazil? Portugal
75%
Level 1 Geography: Which U.S. State is known for potatoes? Idaho
72%
Level 1 History: Which U.S. State was once a country? Texas
64%
Level 3 Anatomy: What is the name for the bones in toes? Phalanges
57%
Level 2 Geography: Which city is Mount Fuji near? Tokyo
56%
Level 3 Science: Which best explains Nuclear Fission? A process in which an atomic nucleus becomes unstable
54%
Level 3 Math: What is the formula for the volume of a sphere? V = (4/3)(π)(r³)
52%
Level 3 History: What was the city Guangzhou, China originally called? Canton
48%
Level 1 Science: Which process directly causes cloud formation? Condensation
46%
Level 2 Science: What is the second full moon in a month called? Blue Moon
44%
Level 3 Geography: Which is a world capital in South America? Georgetown
44%
No matching quizzes found
Score Distribution
Percent of People with Each Score
Percentile by Number Answered
Your Score History
You have not taken this quiz